00429 a2200145 4500003000400000005001700004008004100021020001800062040000900080082001800089100002600107245011400133260002700247300000900274OSt20231108151128.0231108b |||||||| |||| 00| 0 eng d a9788194163794 coclc a954.83bMAl/M aMalayamma, MoyincDr. aMalabar Samaram Kozhikode Talukile Cheruthinilpum palakkamthodika Abubacker Musliyarum /cDr. Moyin Malayamma aKerala:bGrace,c2020. a224p